01313cam a2200337 a 4500001000500000005001700005008004100022020002700063020001800090040002500108050002200133082001200155100004200167245009700209260004500306300004100351490004300392505000800435520017600443521002000619521002000639650006300659650003100722650003200753650003500785650002200820650002500842650003500867655004200902700003100944137120230822151826.0931021s1994 ilua j 000 1 eng  a0807528560 (hardcover) a9780807528556 aDLCcDLCdOCoLCdDLC00aPZ7.W244bGh 199400aFic2201 aWarner, Gertrude Chandlerd1890-1979.14aThe ghost ship mystery /ccreated by Gertrude Chandler Warner ; illustrated by Charles Tang. aMorton Grove, Ill. :bA. Whitman,c1994. a122 pages : billustrations ;c20 cm1 aThe Boxcar children mysteriesvBook 39 aO  aWhile visiting the seaport town of Ragged Cove, Massachusetts, the Alden children find the ship's log of the Flying Cloud, shipwrecked in 1869, supposedly during a mutiny. a610 bLexile  aO bRaz-Plus  0aBoxcar children (Fictitious characters)vJuvenile fiction. 0aOrphansvJuvenile fiction. 0aFamiliesvJuvenile fiction. 1aBrothers and sistersvFiction. 1aOrphansvFiction. 1aShipwrecksvFiction. 1aMystery and detective stories. 7aDetective and mystery stories.2gsafd1 aTang, Charleseillustrator